书目信息 |
| 题名: |
大国海权
|
|
| 作者: | 马汉 著 ;熊显华 编译 | |
| 分册: | ||
| 出版信息: | 武汉 华中科技大学出版社 2015.2 |
|
| 页数: | 341页 | |
| 开本: | 24cm | |
| 丛书名: | ||
| 单 册: | ||
| 中图分类: | E815 | |
| 科图分类: | ||
| 主题词: | 制海权--zhi hai quan--研究--世界 , 研究--yan jiu , 世界--shi jie | |
| 电子资源: | ||
| ISBN: | 978-7-5680-0515-9 | |
| 000 | 01203nam0 22002771 450 | |
| 001 | 0122100933 | |
| 005 | 20170322100933.0 | |
| 010 | @a978-7-5680-0515-9@dCNY45.00 | |
| 100 | @a20150401d2015 em y0chiy50 ea | |
| 101 | 1 | @achi@ceng |
| 102 | @aCN@b420000 | |
| 105 | @aa z 000yy | |
| 106 | @ar | |
| 200 | 1 | @a大国海权@9da guo hai quan@e升级版@f(美)阿尔弗雷德·赛耶·马汉著@g熊显华编译 |
| 210 | @a武汉@c华中科技大学出版社@d2015.2 | |
| 215 | @a341页@c图@d24cm | |
| 314 | @a阿尔弗雷德·塞耶·马汉(1840年-1914年),美国海军历史学家、海军战略理论家、美国海军学院前院长、美国前总统西奥多·罗斯福的军事顾问。一生致力于海军战略理论研究和著述,共留下专著20多部及论文130多篇。 | |
| 330 | @a本书是对制海权的研究,内容包括:海权战略在世界历史中的价值与影响、海权战略六要素、东方和西方海洋权益的漫谈、俄英美三强呈鼎足之势、夏威夷地区的战略意义、地峡和海权的综合利用、美国海军的未来的战略探讨等。 | |
| 606 | 0 | @a制海权@9zhi hai quan@x研究@y世界 |
| 606 | 0 | @a研究@9yan jiu |
| 606 | 0 | @a世界@9shi jie |
| 690 | @aE815@v5 | |
| 701 | 1 | @c(美)@a马汉@9ma han@b阿尔弗雷德·赛耶@f(1840-1914)@4著 |
| 702 | 0 | @a熊显华@9xiong xian hua@4编译 |
| 801 | 0 | @aCN@bTANGWEI@c20170308 |
| 905 | @b0960954-7@dE815@e39@f4 | |
| 大国海权:升级版/(美)阿尔弗雷德·赛耶·马汉著/熊显华编译.-武汉:华中科技大学出版社,2015.2 |
| 341页:图;24cm |
| ISBN 978-7-5680-0515-9:CNY45.00 |
| 本书是对制海权的研究,内容包括:海权战略在世界历史中的价值与影响、海权战略六要素、东方和西方海洋权益的漫谈、俄英美三强呈鼎足之势、夏威夷地区的战略意义、地峡和海权的综合利用、美国海军的未来的战略探讨等。 |
| ● |
| 相关链接 |
|
|
|
|
正题名:大国海权
索取号:E815/39
 
预约/预借
| 序号 | 登录号 | 条形码 | 馆藏地/架位号 | 状态 | 备注 |
| 1 | 0960954 | 209609547 | 第一样本阅览室/ [索取号:E815/39] | 在馆 | |
| 2 | 0960955 | 209609556 | 第一借阅区/ [索取号:E815/39] | 在馆 | |
| 3 | 0960956 | 209609565 | 第一借阅区/ [索取号:E815/39] | 在馆 | |
| 4 | 0960957 | 209609574 | 第一借阅区/ [索取号:E815/39] | 在馆 |